Central Library || Chittagong University

The phyte-geography of legumes of madhya pradesh.// (Record no. 112465)

MARC details
000 -LEADER
fixed length control field 00489nam a22001697a 4500
003 - CONTROL NUMBER IDENTIFIER
control field BD-ChCU
005 - DATE AND TIME OF LATEST TRANSACTION
control field 20260427133701.0
008 - FIXED-LENGTH DATA ELEMENTS--GENERAL INFORMATION
fixed length control field 260427b bg ||||| |||| 00| 0 ben d
040 ## - CATALOGING SOURCE
Transcribing agency BD-ChCU
082 ## - DEWEY DECIMAL CLASSIFICATION NUMBER
Classification number 583.309543 TIP
100 ## - MAIN ENTRY--PERSONAL NAME
Personal name Tiwari, S. D. N.
9 (RLIN) 21977
245 ## - TITLE STATEMENT
Title The phyte-geography of legumes of madhya pradesh.//
Statement of responsibility, etc. S. D. N. Tiwari.
260 ## - PUBLICATION, DISTRIBUTION, ETC.
Place of publication, distribution, etc. India.
Name of publisher, distributor, etc. Bishen Singh Mahendra Pal Singh.
Date of publication, distribution, etc. 1979
300 ## - PHYSICAL DESCRIPTION
Extent xviii, 612p
650 #0 - SUBJECT ADDED ENTRY--TOPICAL TERM
Topical term or geographic name entry element Botany.
9 (RLIN) 21978
942 ## - ADDED ENTRY ELEMENTS (KOHA)
Source of classification or shelving scheme Dewey Decimal Classification
Koha item type Books
Suppress in OPAC No
Holdings
Withdrawn status Lost status Source of classification or shelving scheme Damaged status Not for loan Home library Current library Shelving location Date acquired Source of acquisition Total Checkouts Full call number Barcode Date last seen Copy number Price effective from Koha item type
    Dewey Decimal Classification     Chittagong University Library Chittagong University Library Science Reading Room 04/27/2026 Purchase   583.309543 TIP 135134 04/27/2026 C-1 04/27/2026 Books
© Copyright 2026. Chittagong University Library, Installation and Maintenance by Prof. Dr. Md. Alamgir, 01711306253